|
|
|
|
| LEADER |
04359njm a2200997 a 4500 |
| 001 |
000415230 |
| 003 |
CZ BrMZK |
| 005 |
20130628140403.0 |
| 008 |
990305s1999 xr f cze d |
| 028 |
0 |
3 |
|a 41 0152-4 431
|b Edit
|
| 040 |
|
|
|a BOA001
|b cze
|
| 080 |
|
|
|a 788.085.2(086.7)
|2 MRF
|
| 100 |
1 |
|
|a Pěnčík, Stanislav,
|d 1939-2004
|7 jn20000810063
|4 lyr
|
| 245 |
1 |
0 |
|a Píseň letí k vám
|h [zvukový záznam] /
|c písničky s texty Stanislava Pěnčíka
|
| 246 |
3 |
3 |
|a Píseň letí k vám
|
| 246 |
3 |
3 |
|a Před vaším zahrádka
|
| 246 |
3 |
3 |
|a Překrásné Valašsko
|
| 246 |
3 |
3 |
|a V zahrádce jednej
|
| 246 |
3 |
3 |
|a Šátečku bílý
|
| 246 |
3 |
3 |
|a Brodil sem čižmičky
|
| 246 |
3 |
3 |
|a Darmo sa mamko moja
|
| 246 |
3 |
3 |
|a Děvčice z Moravy
|
| 246 |
3 |
3 |
|a Eště mně ten slavík nezazpíval
|
| 246 |
3 |
3 |
|a Jarní polka
|
| 246 |
3 |
3 |
|a Kdyby mně tak pánbu
|
| 246 |
3 |
3 |
|a Klekání
|
| 246 |
3 |
3 |
|a Májová kytička
|
| 246 |
3 |
3 |
|a Májová polka
|
| 246 |
3 |
3 |
|a Na klobúckých lúkach
|
| 246 |
3 |
3 |
|a Naše krásná Morava
|
| 246 |
3 |
3 |
|a Pálavěnka, Pálava
|
| 246 |
3 |
3 |
|a Pérko
|
| 246 |
3 |
3 |
|a Pěsničko moja
|
| 260 |
|
|
|a Praha :
|b Edit,
|c p1999
|
| 300 |
|
|
|a 1 MC :
|b stereo, Dolby systém +
|e 1 složený list.
|
| 500 |
|
|
|a Nahr. neuv
|
| 500 |
|
|
|a Durata neuv
|
| 505 |
2 |
|
|a Píseň letí k vám, Jarní polka, Brodil sem čižmičky ... [et al.]
|
| 511 |
0 |
|
|a Libuše Foltýnová, zpěv; Lubomír Mraka, zpěv; Jožina Ducháčková, zpěv ... [et al.]. Vracovjáci; Šohajka; Stříbrňanka ... [et al.]
|
| 653 |
0 |
|
|a malý dechový orchestr
|a písně s dechovým orchestrem
|
| 700 |
1 |
|
|a Soukupová, Eliška,
|c zpěvačka
|4 prf
|
| 700 |
1 |
|
|a Soukup, Václav
|7 jx20080819013
|4 prf
|
| 700 |
1 |
|
|a Volf, Jiří,
|d 1945-
|7 jn19981002348
|4 cmp
|
| 700 |
1 |
|
|a Češková, Daniela
|7 ola2007365173
|4 prf
|
| 700 |
1 |
|
|a Baťka, Zdeněk,
|d 1960-
|7 jx20060613008
|4 prf
|
| 700 |
1 |
|
|a Bartolšicová, Lenka,
|d 1969-
|7 mzk2009512309
|4 prf
|
| 700 |
1 |
|
|a Blaha, Karel,
|d 1975-
|7 jx20040112004
|4 prf
|
| 700 |
1 |
|
|a Brhel, Jaroslav,
|d 1956-
|4 cmp
|
| 700 |
1 |
|
|a Ducháčková, Jožina,
|d 1950-
|7 ola2006357391
|4 prf
|
| 700 |
1 |
|
|a Foltýnová, Libuše,
|c zpěvačka
|4 prf
|
| 700 |
1 |
|
|a Helán, Jiří,
|d 1947-
|7 jx20050407010
|4 prf
|
| 700 |
1 |
|
|a Horká, Marta,
|d 1953-
|7 mzk2008459100
|4 prf
|
| 700 |
1 |
|
|a Ondrůšková, Martina,
|d 1975-
|7 mzk2010601407
|4 prf
|
| 700 |
1 |
|
|a Horký, Vojtěch,
|d 1953-
|7 jx20050613020
|4 prf
|
| 700 |
1 |
|
|a Hrdlička, Ladislav,
|d 1933 červenec 29.-
|7 ola2002145161
|4 cmp
|
| 700 |
1 |
|
|a Janošková, Jana,
|d 1963-
|7 mzk2013762188
|4 prf
|
| 700 |
1 |
|
|a Kachyňová, Jarka,
|d 1954-
|7 xx0123785
|4 prf
|
| 700 |
1 |
|
|a Koníček, Antonín,
|d 1952-
|7 mzk2005300593
|4 cmp
|
| 700 |
1 |
|
|a Konečný, Josef,
|d 1946-2020
|7 jx20071214057
|4 cmp
|
| 700 |
1 |
|
|a Kotásek, František,
|d 1934-2020
|7 jn20000810065
|4 cmp
|
| 700 |
1 |
|
|a Šmukař, Jožka,
|d 1955-
|7 ola200208547
|4 prf
|
| 700 |
1 |
|
|a Maděrová, Eliška,
|d 1959-
|7 mzk2013768828
|4 prf
|
| 700 |
1 |
|
|a Maňas, František,
|d 1921-2004
|7 jn20000620214
|4 cmp
|
| 700 |
1 |
|
|a Maňas, Václav,
|d 1914-1997
|7 ola200203518
|4 cmp
|
| 700 |
1 |
|
|a Maňas, Václav,
|d 1942-
|7 jn20030516001
|4 cmp
|
| 700 |
1 |
|
|a Mráka, Lubomír,
|c zpěvák
|4 sng
|
| 700 |
1 |
|
|a Navrátilová, Květa,
|d 1954-
|7 xx0123784
|4 prf
|
| 700 |
1 |
|
|a Novotný, Josef,
|c zpěvák
|4 prf
|
| 700 |
1 |
|
|a Procházka, Miloslav R.,
|d 1958-
|7 jn20000810064
|4 cmp
|
| 700 |
1 |
|
|a Rajsiglová, Dana
|4 prf
|
| 700 |
1 |
|
|a Satin, Stanislav
|4 prf
|
| 700 |
1 |
|
|a Sýkorová, Ivana,
|c zpěvačka
|4 prf
|
| 700 |
1 |
|
|a Slabáková, Ivana,
|d 1950-
|7 mzk2005299311
|4 prf
|
| 700 |
1 |
|
|a Smišovský, Blahoslav,
|d 1931-2011
|7 ola200209211
|4 cmp
|
| 710 |
2 |
|
|a Šohajka (hudební skupina)
|7 ko2003181077
|4 prf
|
| 710 |
2 |
|
|a Mistříňanka (hudební skupina)
|7 ko2002149749
|4 prf
|
| 710 |
2 |
|
|a Moravanka Jana Slabáka (hudební skupina)
|7 ko2002149898
|
| 710 |
2 |
|
|a Moravěnka (hudební skupina)
|7 ko2002149899
|4 prf
|
| 710 |
2 |
|
|a Podhoranka (hudební skupina : Ježov, Hodonín, Česko)
|7 mzk2008451403
|
| 710 |
2 |
|
|a Stříbrňanka (hudební skupina)
|7 kn20010710314
|4 prf
|
| 710 |
2 |
|
|a Valaška (hudební skupina)
|7 ko2003181078
|4 prf
|
| 710 |
2 |
|
|a Vracovjáci (hudební skupina)
|7 kn20010710378
|4 prf
|
| 910 |
|
|
|a BOA001
|b KZ-0008.330
|
| 964 |
|
|
|a Orchestr dechový
|x MC
|
| 990 |
|
|
|a AV
|
| 996 |
6 |
|
|b 261H008082
|c KZ-0008.330
|l MZK
|r Sklad / do 24 hodin
|n 0
|p p.v.
|w 000415230
|u 000010
|a 1
|e BOA001
|j MZK50
|s P
|